000 00601nam a22002177a 4500
003 OSt
005 20140310182834.0
008 130605t xxu||||| |||| 00| 0 eng d
020 _a9780132168380
050 _aHF 1017
_b.B489 2002
082 _aM 519.5
_bB45 2002
245 _aBasic business statistics :
_bconcepts and applications /
_cBerenson, Mark L.
250 _a8th ed.
260 _aBoston :
_bPrentice Hall,
_cc2012.
300 _axx, 859 p. :
_bill. ;
_c29 cm.
521 _acollege students
526 _c1210L-1700L
541 _j1
562 _e1
942 _2lcc
_cBK
_kM
999 _c16707
_d16707